[Event "Nakhchivan Premium 2021"]
[Site "Nakhchivan"]
[Date "2021.04.01"]
[Round "11.4"]
[White "Babayeva, Nasrin"]
[Black "Baghirov, Orkhan"]
[Result "1-0"]
[WhiteElo "1564"]
[BlackElo "1473"]
[Annotator "NA RC"]
[PlyCount "203"]
[EventDate "2021.03.14"]
[EventType "tourn"]
[EventCountry "AZE"]
[SourceTitle "playchess.com"]
[Source "ChessBase"]
[SourceQuality "1"]
[TimeControl "5400+30"]

1. c4 {[%emt 0:00:00]} e6 {[%emt 0:00:00]} 2. g3 {[%emt 0:00:00]} d5 {[%emt 0:00:00]} 3. Bg2 {[%emt 0:00:00]} Nf6 {[%emt 0:00:02]} 4. Nf3 {[%emt 0:00:01]} Be7 {[%emt 0:00:32]} 5. O-O {[%emt 0:00:11]} O-O {[%emt 0:00:16]} 6. b3 {[%emt 0:00:19]} c6 {[%emt 0:00:43]} 7. d4 {[%emt 0:00:25]} Nbd7 {[%emt 0:00:25]} 8. Nbd2 {[%emt 0:00:31]} Re8 {[%emt 0:01:13]} 9. Re1 {[%emt 0:00:29]} Nf8 {[%emt 0:01:40]} 10. Bb2 {[%emt 0:01:08]} Ng6 {[%emt 0:00:51]} 11. Qc2 {[%emt 0:01:49]} Bd7 {[%emt 0:04:33]} 12. e4 {[%emt 0:00:22]} dxe4 {[%emt 0:01:21]} 13. Nxe4 {[%emt 0:00:02]} Qc7 {[%emt 0:01:27]} 14. Nfd2 {[%emt 0:15:01]} Nxe4 {[%emt 0:05:35]} 15. Nxe4 {[%emt 0:00:03]} b6 {[%emt 0:00:47]} 16. Rad1 {[%emt 0:01:45]} a5 {[%emt 0:04:34]} 17. a3 {[%emt 0:00:56]} f5 {[%emt 0:06:52]} 18. Nd2 {[%emt 0:00:26]} Rad8 {[%emt 0:01:52]} 19. Nf3 {[%emt 0:05:09]} Bc8 {[%emt 0:02:58]} 20. Rd2 {[%emt 0:07:07]} Bf6 {[%emt 0:04:07]} 21. Rde2 {[%emt 0:04:13]} Qd7 {[%emt 0:05:18]} 22. d5 {[%emt 0:08:22]} cxd5 {[%emt 0:07:57]} 23. Bxf6 {[%emt 0:00:13]} gxf6 {[%emt 0:00:11]} 24. Nd4 {[%emt 0:02:59]} Nf8 {[%emt 0:06:51]} 25. cxd5 {[%emt 0:00:33]} e5 {[%emt 0:01:11]} 26. Nc6 {[%emt 0:00:34]} Ba6 {[%emt 0:01:16]} 27. Re3 {[%emt 0:02:02]} Rc8 {[%emt 0:01:49]} 28. Rc3 {[%emt 0:03:39]} Ng6 {[%emt 0:05:20]} 29. Rc1 {[%emt 0:02:27]} e4 {[%emt 0:02:28]} 30. Rd1 {[%emt 0:03:23]} Bd3 {[%emt 0:03:20]} 31. Qc1 {[%emt 0:03:50]} Kh8 {[%emt 0:08:21]} 32. Qe3 {[%emt 0:02:25]} Ne7 {[%emt 0:03:02]} 33. Nxe7 {[%emt 0:11:09]} Rxc3 {[%emt 0:03:06]} 34. Qd4 {[%emt 0:00:03]} Qxe7 {[%emt 0:01:03]} 35. Qxc3 {[%emt 0:00:03]} Qe5 {[%emt 0:04:39]} 36. Qc6 {[%emt 0:00:13]} b5 {[%emt 0:01:01]} 37. Bf1 {[%emt 0:01:32]} Bxf1 {[%emt 0:05:13]} 38. Rxf1 {[%emt 0:01:20]} e3 {[%emt 0:00:37]} 39. Qxb5 {[%emt 0:00:13]} e2 {[%emt 0:01:10]} 40. Re1 {[%emt 0:00:00]} f4 {[%emt 0:00:00]} 41. Qd3 {[%emt 0:00:00]} f3 {[%emt 0:00:00]} 42. Qxf3 {[%emt 0:00:00]} Qd4 {[%emt 0:00:00]} 43. Kg2 {[%emt 0:00:00]} Qd2 {[%emt 0:00:00]} 44. Qxf6+ {[%emt 0:00:00]} Kg8 {[%emt 0:00:00]} 45. Qa1 {[%emt 0:00:00]} Qxd5+ {[%emt 0:00:00]} 46. f3 {[%emt 0:00:00]} Qxb3 {[%emt 0:00:00]} 47. Qc1 {[%emt 0:00:00]} Qd5 {[%emt 0:00:00]} 48. Qc3 {[%emt 0:00:00]} a4 {[%emt 0:00:00]} 49. Kf2 {[%emt 0:00:00]} Qb3 {[%emt 0:00:00]} 50. Qc5 {[%emt 0:00:00]} Qd3 {[%emt 0:00:10]} 51. h4 {[%emt 0:01:29]} Kf7 {[%emt 0:04:14]} 52. Qa7+ {[%emt 0:01:46]} Re7 {[%emt 0:00:50]} 53. Qxa4 {[%emt 0:00:07]} Qe3+ {[%emt 0:00:20]} 54. Kg2 {[%emt 0:00:08]} Qc3 {[%emt 0:00:08]} 55. Qb4 {[%emt 0:00:22]} Qd3 {[%emt 0:00:21]} 56. Qc5 {[%emt 0:01:37]} Re3 {[%emt 0:01:24]} 57. Qh5+ {[%emt 0:03:02]} Kg7 {[%emt 0:02:53]} 58. Kf2 {[%emt 0:00:09]} Re7 {[%emt 0:00:10]} 59. Qg5+ {[%emt 0:00:21]} Kf8 {[%emt 0:00:11]} 60. g4 {[%emt 0:02:12]} Qd4+ {[%emt 0:00:45]} 61. Kg2 {[%emt 0:00:26]} Qc3 {[%emt 0:00:08]} 62. Qf4+ {[%emt 0:00:47]} Kg8 {[%emt 0:00:29]} 63. Kf2 {[%emt 0:05:24]} Qc5+ {[%emt 0:00:08]} 64. Kg3 {[%emt 0:00:15]} Qc3 {[%emt 0:00:13]} 65. Qb8+ {[%emt 0:01:55]} Kg7 {[%emt 0:00:53]} 66. Qb4 {[%emt 0:00:21]} Qe3 {[%emt 0:00:23]} 67. g5 {[%emt 0:00:40]} Qe5+ {[%emt 0:00:36]} 68. Qf4 {[%emt 0:00:05]} Qc3 {[%emt 0:00:28]} 69. Qf6+ {[%emt 0:00:02]} Qxf6 {[%emt 0:00:04]} 70. gxf6+ {[%emt 0:00:04]} Kxf6 {[%emt 0:00:01]} 71. Kf2 {[%emt 0:00:09]} Ra7 {[%emt 0:00:15]} 72. Ra1 {[%emt 0:00:15]} Re7 {[%emt 0:00:14]} 73. a4 {[%emt 0:00:10]} Kg6 {[%emt 0:00:34]} 74. a5 {[%emt 0:00:36]} Kh5 {[%emt 0:00:21]} 75. a6 {[%emt 0:00:21]} Kxh4 {[%emt 0:01:06]} 76. Ke1 {[%emt 0:00:30]} Ra7 {[%emt 0:00:03]} 77. Kxe2 {[%emt 0:00:09]} Kg5 {[%emt 0:00:12]} 78. Ra5+ {[%emt 0:00:33]} Kf4 {[%emt 0:00:18]} 79. Ra4+ {[%emt 0:00:17]} Kf5 {[%emt 0:00:06]} 80. Kd3 {[%emt 0:01:09]} Ke5 {[%emt 0:03:27]} 81. Kc4 {[%emt 0:00:13]} Kd6 {[%emt 0:00:46]} 82. Kb5 {[%emt 0:00:02]} Ra8 {[%emt 0:02:12]} 83. a7 {[%emt 0:00:22]} Kc7 {[%emt 0:00:26]} 84. Rh4 {[%emt 0:00:08]} h5 {[%emt 0:00:44]} 85. Rxh5 {[%emt 0:00:04]} Rxa7 {[%emt 0:00:57]} 86. Rh7+ {[%emt 0:00:03]} Kb8 {[%emt 0:00:08]} 87. Rxa7 {[%emt 0:00:04]} Kxa7 {[%emt 0:00:03]} 88. Kc6 {[%emt 0:00:08]} Kb8 {[%emt 0:00:02]} 89. Kd7 Kb7 90. f4 {[%emt 0:00:18]} Kb6 {[%emt 0:00:06]} 91. f5 {[%emt 0:00:05]} Kc5 {[%emt 0:00:01]} 92. f6 {[%emt 0:00:05]} Kd5 {[%emt 0:00:01]} 93. f7 {[%emt 0:00:05]} Ke5 {[%emt 0:00:17]} 94. f8=Q {[%emt 0:00:05]} Kd4 {[%emt 0:00:03]} 95. Qf5 {[%emt 0:00:08]} Kc3 {[%emt 0:00:04]} 96. Qe4 {[%emt 0:00:06]} Kb2 {[%emt 0:00:01]} 97. Qd3 {[%emt 0:00:10]} Ka1 {[%emt 0:00:01]} 98. Kc6 {[%emt 0:00:06]} Kb2 {[%emt 0:00:01]} 99. Kb5 {[%emt 0:00:06]} Ka1 {[%emt 0:00:08]} 100. Qd2 {[%emt 0:00:22]} Kb1 {[%emt 0:00:03]} 101. Kb4 {[%emt 0:00:05]} Ka1 {[%emt 0:00:01]} 102. Kb3 {[%emt 0:00:08]} 1-0

[Event "Nakhchivan Premium 2021"]
[Site "Nakhchivan"]
[Date "2021.04.01"]
[Round "11.5"]
[White "Ismayilov, Arturan"]
[Black "Ahmadova, Yegana"]
[Result "1-0"]
[WhiteElo "1663"]
[BlackElo "1421"]
[Annotator "NA RC"]
[PlyCount "97"]
[EventDate "2021.03.14"]
[EventType "tourn"]
[EventCountry "AZE"]
[SourceTitle "playchess.com"]
[Source "ChessBase"]
[SourceQuality "1"]
[TimeControl "5400+30"]

1. e4 {[%emt 0:00:00]} c5 {[%emt 0:00:00]} 2. Nf3 {[%emt 0:00:00]} Nc6 {[%emt 0:00:00]} 3. d4 {[%emt 0:00:01]} cxd4 {[%emt 0:00:00]} 4. Nxd4 {[%emt 0:00:03]} g6 {[%emt 0:00:00]} 5. c4 {[%emt 0:00:03]} Bg7 {[%emt 0:00:00]} 6. Be3 {[%emt 0:00:02]} Nf6 {[%emt 0:00:11]} 7. Nc3 {[%emt 0:00:05]} Nxd4 {[%emt 0:00:36]} 8. Bxd4 {[%emt 0:00:16]} O-O {[%emt 0:00:08]} 9. Be2 {[%emt 0:00:08]} d6 {[%emt 0:00:18]} 10. O-O {[%emt 0:00:33]} Be6 {[%emt 0:01:20]} 11. f4 {[%emt 0:03:37]} Rc8 {[%emt 0:00:16]} 12. b3 {[%emt 0:00:30]} a6 {[%emt 0:03:24]} 13. Rc1 {[%emt 0:01:09]} Bd7 {[%emt 0:01:20]} 14. Bf3 {[%emt 0:01:46]} Bc6 {[%emt 0:00:32]} 15. Qe2 {[%emt 0:05:06]} Nd7 {[%emt 0:00:30]} 16. Be3 {[%emt 0:02:53]} a5 {[%emt 0:02:08]} 17. Rfd1 {[%emt 0:00:32]} Qc7 {[%emt 0:02:01]} 18. a3 {[%emt 0:08:13]} Qb8 {[%emt 0:04:09]} 19. b4 {[%emt 0:01:04]} axb4 {[%emt 0:00:25]} 20. axb4 {[%emt 0:00:03]} b6 {[%emt 0:00:08]} 21. Bg4 {[%emt 0:06:59]} Rc7 {[%emt 0:05:14]} 22. Bxd7 {[%emt 0:03:27]} Rxd7 {[%emt 0:00:59]} 23. Nd5 {[%emt 0:01:46]} Bxd5 {[%emt 0:00:30]} 24. Rxd5 {[%emt 0:01:10]} Rb7 {[%emt 0:05:23]} 25. Rb5 {[%emt 0:02:20]} Rc8 {[%emt 0:01:03]} 26. h4 {[%emt 0:01:28]} e5 {[%emt 0:04:43]} 27. f5 {[%emt 0:01:28]} Rc6 {[%emt 0:06:33]} 28. h5 {[%emt 0:02:49]} Qc8 {[%emt 0:02:03]} 29. fxg6 {[%emt 0:02:49]} fxg6 {[%emt 0:00:58]} 30. hxg6 {[%emt 0:00:59]} hxg6 {[%emt 0:00:09]} 31. Qd3 {[%emt 0:01:05]} Bf8 {[%emt 0:05:29]} 32. Qd5+ {[%emt 0:02:34]} Kg7 {[%emt 0:00:35]} 33. Rf1 {[%emt 0:05:23]} Rxc4 {[%emt 0:21:55]} 34. Rxb6 {[%emt 0:01:36]} Rxb6 {[%emt 0:04:03]} 35. Qf7+ {[%emt 0:01:27]} Kh8 {[%emt 0:00:19]} 36. Bxb6 {[%emt 0:03:55]} Rc1 {[%emt 0:02:33]} 37. Be3 {[%emt 0:02:46]} Rxf1+ {[%emt 0:00:56]} 38. Qxf1 {[%emt 0:00:20]} Bg7 {[%emt 0:01:42]} 39. b5 {[%emt 0:00:53]} Qc2 {[%emt 0:05:25]} 40. b6 {[%emt 0:00:00]} Qxe4 {[%emt 0:00:00]} 41. Qc1 {[%emt 0:00:00]} Bf6 {[%emt 0:00:00]} 42. Bf2 {[%emt 0:00:00]} g5 {[%emt 0:00:00]} 43. Qc8+ {[%emt 0:00:00]} Kg7 {[%emt 0:00:00]} 44. b7 {[%emt 0:00:00]} Qb1+ {[%emt 0:00:00]} 45. Kh2 {[%emt 0:00:00]} Qh7+ {[%emt 0:00:00]} 46. Qh3 {[%emt 0:00:00]} Qb1 {[%emt 0:00:00]} 47. Qd7+ {[%emt 0:00:00]} Kg6 {[%emt 0:00:00]} 48. Qe8+ {[%emt 0:00:00]} Kg7 {[%emt 0:00:00]} 49. b8=Q {[%emt 0:00:00]} 1-0

[Event "Nakhchivan Premium 2021"]
[Site "Nakhchivan"]
[Date "2021.04.01"]
[Round "11.6"]
[White "Seyid, Huseyn"]
[Black "Gasimov, Parviz"]
[Result "0-1"]
[WhiteElo "1660"]
[BlackElo "2337"]
[Annotator "TA"]
[PlyCount "58"]
[EventDate "2021.03.14"]
[EventType "tourn"]
[EventCountry "AZE"]
[SourceTitle "playchess.com"]
[Source "ChessBase"]
[SourceQuality "1"]

{[%evp 14,58,18,6,25,16,10,-3,9,-22,-11,-10,0,0,0,0,0,0,0,3,90,0,2,-3,-11,-14,0,-37,-32,-68,-62,-50,0,0,-10,-316,-308,-415,-405,-368,0,-274,-281,-791,-419,-1281,-1002]} 1. e4 c5 2. Nf3 Nc6 3. d4 cxd4 4. Nxd4 g6 5. Nc3 Bg7 6. Be3 Nf6 7. Bc4 O-O 8. Bb3 Re8 {B35: Sicilian: Accelerated Dragon with 5 Nc3: main line.} 9. f3 e6 10. Nxc6 bxc6 {The position is equal.} 11. Qd6 {[#]} Nd5 $1 {[%cal Rd5e3]} 12. Nxd5 cxd5 13. O-O-O dxe4 14. fxe4 Qh4 15. Qf4 Qxf4 16. Bxf4 a5 (16... Bb7 $11) 17. a4 (17. Ba4 $16) 17... Bb7 $11 18. Rhe1 Bc6 19. g3 Ra7 20. c3 Rb7 21. Bc2 e5 $1 {[%cal Re5f4]} 22. Bd2 {[#]} Bf8 $146 {And now ...Reb8 would win.} (22... Reb8 $5 {[%cal Rb7b2]} 23. b3 Bf8 $15) ({Predecessor:} 22... Reb8 23. b4 axb4 24. cxb4 Bf8 25. b5 Ba3+ 26. Kb1 Bxb5 27. Ka2 Bc5 28. Bc3 Bxa4 29. Rd5 d6 30. Rxc5 dxc5 31. Bxa4 Ra8 32. Ka3 c4 {0-1 (32) Fakhrutdinov,T (2337)-Vorobiov,E (2579) Kazan 2015}) 23. c4 Reb8 24. Bxa5 $2 {[%mdl 8192]} (24. Bc3 $1 $11) 24... Rxb2 $19 25. Bc3 Bh6+ 26. Bd2 Bf8 $40 {[%mdl 128] Black has some attack.} 27. Bc3 $1 {[%cal Rc3b2] [#]} Ra2 28. Rd3 $2 (28. Bxe5 Ba3+ 29. Kd2 Bb4+ {[%mdl 64] Skewer} 30. Bc3 Bxa4 31. Rc1) 28... Bh6+ 29. Kd1 (29. Rde3 $142 Bxa4 30. Bxa4 Bxe3+ 31. Rxe3 Rxa4 32. Bxe5) 29... Bxa4 {[%mdl 64] Remove Defender.  Weighted Error Value: White=0.76/Black=0.48} 0-1